Which came first, the chicken or the egg? Banks and firms on local banking markets

Efektivita vzťahu finančného zdravia kooperatívnych bánk a výkonnosti malých a stredných podnikov. Analýza lokálneho trhu v Poľsku. Využitie statických panelových modelov s náhodnými efektmi.

Gespeichert in:
Bibliographische Detailangaben
1. Verfasser: Jackowicz, Krysztof
Weitere Verfasser: Kozłowski, Łukasz
Format: Buchkapitel
Sprache:Englisch
Schlagworte:
Tags: Tag hinzufügen
Keine Tags, Fügen Sie das erste Tag hinzu!

MARC

LEADER 00000naa a2200000 4500
001 0219238
005 20231010121139.2
041 0 |a eng 
044 |a CZ 
245 1 0 |a Which came first, the chicken or the egg? Banks and firms on local banking markets  |c Krysztof Jackowicz, Łukasz Kozłowski 
520 |a Efektivita vzťahu finančného zdravia kooperatívnych bánk a výkonnosti malých a stredných podnikov. Analýza lokálneho trhu v Poľsku. Využitie statických panelových modelov s náhodnými efektmi. 
610 2 0 |a modely lokačné 
610 2 0 |a efektívnosť 
610 2 0 |a banky 
610 2 0 |a kooperácia 
610 2 0 |a podnik stredný 
610 2 0 |a podnik malý 
610 2 0 |a krajiny tranzitívne 
610 2 0 |a hospodárstvo miestne 
610 2 0 |a Poľsko 
100 1 |a Jackowicz, Krysztof 
700 1 |a Kozłowski, Łukasz